| 000 | 00470 a2200133 4500 | ||
|---|---|---|---|
| 001 | 88430 | ||
| 082 | _aPR 645 | ||
| 090 |
_c41855 _d41855 |
||
| 100 | _aProject | ||
| 245 | _aVibration Study; To device as many means as possible to determine moment of inertia of engineering components by utilising torsional vibration methods, and to study these methods | ||
| 260 |
_aKarachi _bUniversity of Karachi _c1970 |
||
| 300 | _a106p. | ||
| 500 | _aBE Project Reports | ||
| 942 |
_aUniversity of Karchi _kPR 645 |
||
| 999 |
_c323503 _d323503 |
||